| 000 | 01094nam0a22002771 4500 | ||
|---|---|---|---|
| 001 | rc\3900664 | ||
| 005 | 20250611014229.0 | ||
| 021 |
_aRU _b[56-44613] |
||
| 035 | _a(NLR Aleph) 008013492 | ||
| 090 |
_a8715341 _c8715341 |
||
| 100 | _a20130415d1956 |||y0rusy50 ca | ||
| 101 | 0 | _arus | |
| 102 | _aRU | ||
| 105 | _aa z ||||| | ||
| 200 | 1 | _aКлиническая рентгенодиагностика одонтогенных заболеваний верхнечелюстной пазухи с применением контрастных веществ | |
| 210 |
_aМосква _cМедгиз _d1956 |
||
| 215 |
_a111 с., 23 л. ил. _cил. _d21 |
||
| 225 | 1 | _aБиблиотека практического врача | |
| 320 | _aБиблиогр.: с. 102-110 | ||
| 606 |
_aВерхнечелюстная пазуха _xБолезни _xДиагностика рентгенологическая _2psbo |
||
| 700 | 1 |
_aБардах _bЯ.М. _gЯнуш М. |
|
| 801 | 0 |
_aRU _bNLR _gpsbo |
|
| 801 | 1 |
_aRU _bELAR _2rusmarc |
|
| 852 |
_aNLR _jМд40 Г-3/293 |
||
| 942 | _cBOOK | ||
| 980 | _aNB | ||